| 000 | 00400nam a22001097a 4500 | ||
|---|---|---|---|
| 999 |
_c116153 _d116153 |
||
| 005 | 20200613131533.0 | ||
| 008 | 200613b ||||| |||| 00| 0 eng d | ||
| 082 | _a344.03 SCH-1 | ||
| 245 |
_aThe Scheduled Caste and the Scheduled Tribes (Prevention of Atrocities Act) 1989 _b: 20yrs |
||
| 260 |
_aBangalore _bThe SC/ST Prevention of Atrocities Act Monitoring & Empowerment Committee |
||
| 942 |
_2ddc _cIR |
||